000
00242nam a2200109Ia 4500
999
_c
8368
_d
8368
020
_a
9780030211072
100
_a
Joel Reedy Shauna
245
0
_a
Electronic Marketing
260
_a
New Delhi
_b
McGraw -Hill
_c
1983
300
_a
448
942
_c
BK